Loading...
ദൂരം വിളിക്കുമ്പോൾ
| Main Author: | |
|---|---|
| Format: | Printed Book |
| Published: |
Thrissur
Green Books Private Limited
2017
|
| Subjects: |
| LEADER | 00616nam a22001937a 4500 | ||
|---|---|---|---|
| 003 | OSt | ||
| 020 | |a 9789387331020 | ||
| 082 | |a 814 |b BEN/DO | ||
| 100 | |a Benyamin | ||
| 245 | |a ദൂരം വിളിക്കുമ്പോൾ | ||
| 260 | |a Thrissur |b Green Books Private Limited |c 2017 | ||
| 300 | |a 80p | ||
| 500 | |a Dooram vilikkumpol | ||
| 500 | |a Dhooram vilikkumpol | ||
| 546 | |a Malayalam | ||
| 650 | |a Articles | ||
| 942 | |2 ddc |c BK | ||
| 999 | |c 159112 |d 159112 | ||
| 952 | |0 0 |1 0 |2 ddc |4 0 |6 814_000000000000000_BENDO |7 0 |8 Gen |9 158430 |a KAUCLV |b KAUCLV |c GENERAL |d 2018-03-09 |g 95.00 |o 814 BEN/DO |p 227879 |r 2018-03-09 |w 2018-03-09 |y BK | ||